=LDR 00000nam 2200000 4500 =001 INLIS000000000001082 =005 20130612085508 =008 ***********************************Ind** =035 ##$$0010-061300000001082 =041 ##$$a Ind =082 ##$$a 372.7 =090 ##$$a 372.7, Kun-m =100 ##$$a KUNCORO, Estu =245 ##$$a Matematika 1, 2, 3, 4, oleh Estu Kuncoro =260 ##$$a ...? $b Klaten =300 ##$$a ...jil, ilus, 25 cm =650 ##$$a PENDIDIKAN DASAR =650 ##$$a MATEMATIKA =850 ##$$a NBPNMAT